000 00289nam a2200121Ia 4500
008 190216s9999||||xx |||||||||||||| ||und||
100 _aGupta R C
245 0 _aClerks Grade Exam
260 _bRamesh Publishing House
_c1985
300 _a254p
650 _aClerks Grade Exam
942 _cREF
999 _c35586
_d35586